Premiers Chefs-Lieux de tous les départements français - Click Quiz - Statistiques

Statistiques générales
  • Ce quiz a été pris 29 fois
    28 depuis la dernière actualisation
  • Le résultat moyen est 63 sur 101
Statistiques - réponses
Hint Réponse % Correct
Ain Bourg-en-Bresse
84%
Aisne Laon
84%
Allier Moulins
84%
Alpes-de-Haute-Provence Digne-les-Bains
80%
Alpes-Maritimes Nice
80%
Haute-Corse Bastia
76%
Gironde Bordeaux
76%
Rhône Lyon
76%
Hérault Montpellier
76%
Paris Paris
76%
Yvelines Versailles
76%
Corse-du-Sud Ajaccio
72%
Territoire de Belfort Belfort
72%
Calvados Caen
72%
Côte-d'Or Dijon
72%
Sarthe Le Mans
72%
Loire-Atlantique Nantes
72%
Nièvre Nevers
72%
Dordogne Périgueux
72%
Vienne Poitiers
72%
Ardèche Privas
72%
Var Toulon
72%
Orne Alençon
68%
Somme Amiens
68%
Maine-et-Loire Angers
68%
Vaucluse Avignon
68%
Oise Beauvais
68%
Aude Carcassonne
68%
Puy-de-Dôme Clermont-Ferrand
68%
Eure Évreux
68%
Ariège Foix
68%
Isère Grenoble
68%
Vendée La Roche-sur-Yon
68%
Loiret Orléans
68%
Pyrénées-Orientales Perpignan
68%
Ille-et-Vilaine Rennes
68%
La Réunion Saint-Denis
68%
Haute-Garonne Toulouse
68%
Bouches-du-Rhône Aix-en-Provence
64%
Charente Angoulême
64%
Haute-Savoie Annecy
64%
Pas-de-Calais Arras
64%
Yonne Auxerre
64%
Guyane Cayenne
64%
Eure-et-Loir Chartres
64%
Haut-Rhin Colmar
64%
Mayotte Dzaoudzi
64%
Vosges Épinal
64%
Essonne Évry-Courcouronnes
64%
Martinique Fort-de-France
64%
Creuse Guéret
64%
Mayenne Laval
64%
Haute-Vienne Limoges
64%
Jura Lons-le-Saunier
64%
Seine-et-Marne Melun
64%
Moselle Metz
64%
Landes Mont-de-Marsan
64%
Hauts-de-Seine Nanterre
64%
Gard Nîmes
64%
Deux-Sèvres Niort
64%
Pyrénées-Atlantiques Pau
64%
Côtes-d'Armor Saint-Brieuc
64%
Bas-Rhin Strasbourg
64%
Corrèze Tulle
64%
Morbihan Vannes
64%
Guadeloupe Basse-Terre
60%
Cher Bourges
60%
Val-d'Oise Cergy-Pontoise
60%
Marne Châlons-en-Champagne
60%
Savoie Chambéry
60%
Haute-Loire Le Puy-en-Velay
60%
Saône-et-Loire Mâcon
60%
Lozère Mende
60%
Finistère Quimper
60%
Seine-Maritime Rouen
60%
Aube Troyes
60%
Gers Auch
56%
Doubs Besançon
56%
Val-de-Marne Créteil
56%
Tarn-et-Garonne Montauban
56%
Aveyron Rodez
56%
Charente-Maritime Saintes
56%
Indre-et-Loire Tours
56%
Lot-et-Garonne Agen
52%
Meuse Bar-le-Duc
52%
Loir-et-Cher Blois
52%
Lot Cahors
52%
Indre Châteauroux
52%
Haute-Marne Chaumont
52%
Nord Douai
52%
Meurthe-et-Moselle Nancy
52%
Hautes-Pyrénées Tarbes
52%
Tarn Albi
48%
Seine-Saint-Denis Bobigny
48%
Ardennes Mézières
48%
Cantal Saint-Flour
48%
Manche Coutances
44%
Loire Feurs
36%
Drôme Chabeuil
24%
Hautes-Alpes Chorges
24%
Haute-Saône Gray
24%
Aucun quiz correspondant
Distribution des résultats
% des personnes avec chaque résultat
Percentile par nombre de réponses
Votre historique - résultats
Vous n’avez pas pris ce quiz depuis la dernière actualisation